[Event "Pyramiden Cup 2016"]
[Site "chess24.com"]
[Date "2016.09.02"]
[Round "2.9"]
[White "Hacker, Jonas"]
[Black "Kroneder, Christian"]
[Result "1-0"]
[WhiteElo "2308"]
[BlackElo "2070"]
[PlyCount "59"]
[EventDate "2016.??.??"]
[WhiteTeam "Deutschland"]
[BlackTeam "Deutschland"]
[WhiteTeamCountry "GER"]
[BlackTeamCountry "GER"]
[WhiteClock "0:13:10"]
[BlackClock "0:10:26"]

1. e4 c5 2. Nf3 d6 3. d4 cxd4 4. Nxd4 Nf6 5. Nc3 a6 6. Bg5 Nbd7 7. f4 Qc7 8.
Qf3 h6 9. Bxf6 Nxf6 10. f5 e6 11. fxe6 fxe6 12. Bd3 Bd7 13. e5 dxe5 14. Bg6+
Kd8 15. Nde2 Bc5 16. O-O-O Kc8 17. Qg3 Bc6 18. Qh3 Qe7 19. Qg3 Qc7 20. Qh3 Qe7
21. Kb1 Kb8 22. Qg3 Qc7 23. Rhe1 Rf8 24. Nc1 Bd4 25. N3e2 Bb6 26. Nd3 Nd7 27.
Nc3 Ka7 28. Be4 Bxe4 29. Rxe4 Bd4 30. Rxd4 1-0

[Event "Pyramiden Cup 2016"]
[Site "chess24.com"]
[Date "2016.09.02"]
[Round "2.10"]
[White "Braun, Michael"]
[Black "Schunk, Eduard"]
[Result "1-0"]
[WhiteElo "2051"]
[BlackElo "2316"]
[PlyCount "51"]
[EventDate "2016.??.??"]
[WhiteTeam "Deutschland"]
[BlackTeam "Deutschland"]
[WhiteTeamCountry "GER"]
[BlackTeamCountry "GER"]
[WhiteClock "1:04:34"]
[BlackClock "0:01:37"]

1. d4 Nf6 2. c4 g6 3. Nc3 Bg7 4. e4 d6 5. Be2 O-O 6. Be3 e5 7. d5 Na6 8. g4 Nd7
9. Qd2 f5 10. gxf5 gxf5 11. exf5 Ndc5 12. Bg5 Qe8 13. Bg4 Bxf5 14. Bxf5 Rxf5
15. Be3 e4 16. O-O-O Nd3+ 17. Kb1 Nac5 18. Nge2 Nxf2 19. Rdf1 Nxh1 20. Rxf5 Nd3
21. Nd4 Qg6 22. Rg5 Qf6 23. Nf5 h6 24. Rxg7+ Kh8 25. Bd4 Ne5 26. Nxe4 1-0

[Event "Pyramiden Cup 2016"]
[Site "chess24.com"]
[Date "2016.09.02"]
[Round "2.11"]
[White "Turner, Radek"]
[Black "Miller, Eduard"]
[Result "0-1"]
[WhiteElo "2075"]
[BlackElo "2268"]
[PlyCount "62"]
[EventDate "2016.??.??"]
[WhiteTeam "Tschechien"]
[BlackTeam "Deutschland"]
[WhiteTeamCountry "CZE"]
[BlackTeamCountry "GER"]
[WhiteClock "0:53:52"]
[BlackClock "0:07:10"]

1. c4 Nf6 2. g3 g6 3. Bg2 Bg7 4. Nc3 O-O 5. e4 d6 6. Nge2 e5 7. O-O c6 8. d3 a6
9. h3 b5 10. Be3 b4 11. Na4 c5 12. b3 Bd7 13. Nb2 Nc6 14. Qd2 Nd4 15. Bxd4 exd4
16. e5 dxe5 17. Bxa8 Qxa8 18. Kh2 Qf3 19. Ng1 Qh5 20. f3 Bh6 21. Qg2 Rb8 22.
Nd1 Bc6 23. Nf2 Nd7 24. g4 Qg5 25. Ne4 Qe7 26. Rae1 Be3 27. Ne2 Kh8 28. Qg3 f5
29. Nf2 Rg8 30. f4 g5 31. fxg5 fxg4 0-1

[Event "Pyramiden Cup 2016"]
[Site "chess24.com"]
[Date "2016.09.02"]
[Round "2.12"]
[White "Willim, Michael"]
[Black "Steinbacher, Matthias"]
[Result "0-1"]
[WhiteElo "2085"]
[BlackElo "2259"]
[PlyCount "112"]
[EventDate "2016.??.??"]
[WhiteTeam "Deutschland"]
[BlackTeam "Deutschland"]
[WhiteTeamCountry "GER"]
[BlackTeamCountry "GER"]
[WhiteClock "0:01:03"]
[BlackClock "0:01:59"]

1. c4 e6 2. Nc3 d5 3. e3 c5 4. cxd5 exd5 5. d4 Nf6 6. Nf3 a6 7. Be2 Nc6 8. O-O
Bd6 9. dxc5 Bxc5 10. a3 Ba7 11. b4 d4 12. exd4 Nxd4 13. Nxd4 Bxd4 14. Bb2 O-O
15. Bf3 Re8 16. Qd2 Bg4 17. Bxg4 Nxg4 18. Qf4 h5 19. Rad1 Be5 20. Rxd8 Bxf4 21.
Rxa8 Bxh2+ 22. Kh1 Rxa8 23. g3 Rd8 24. Ne4 h4 25. gxh4 Bf4 26. Kg2 f5 27. Nc3
Rd2 28. Nd1 Rd3 29. Nc3 Be5 30. Rd1 Rxd1 31. Nxd1 Kf7 32. Bxe5 Nxe5 33. Ne3 Ke6
34. Kg3 b5 35. Kf4 g6 36. Kg5 Nf3+ 37. Kxg6 Nxh4+ 38. Kg5 Nf3+ 39. Kf4 Nd4 40.
f3 Ne2+ 41. Kg5 Ng1 42. Nxf5 Nxf3+ 43. Kf4 Nd2 44. Nd4+ Kd5 45. Ke3 Nb1 46. Kd3
Nxa3 47. Nb3 Nc4 48. Kc3 Ne3 49. Kd3 Ng2 50. Kc3 Nf4 51. Nc5 a5 52. Nb3 Ne2+
53. Kd2 a4 54. Kxe2 axb3 55. Kd3 b2 56. Kc2 Kc4 0-1

[Event "Pyramiden Cup 2016"]
[Site "chess24.com"]
[Date "2016.09.02"]
[Round "2.13"]
[White "Loew, Gerald"]
[Black "Beesk, Kevin"]
[Result "1-0"]
[WhiteElo "2241"]
[BlackElo "1965"]
[PlyCount "63"]
[EventDate "2016.??.??"]
[WhiteTeam "Deutschland"]
[BlackTeam "Deutschland"]
[WhiteTeamCountry "GER"]
[BlackTeamCountry "GER"]
[WhiteClock "0:21:30"]
[BlackClock "0:11:12"]

1. c4 c5 2. g3 Nc6 3. Bg2 g6 4. Nc3 Bg7 5. a3 d6 6. Rb1 a5 7. Nf3 e5 8. O-O
Nge7 9. Ne1 Be6 10. d3 O-O 11. Nc2 d5 12. cxd5 Nxd5 13. Ne3 Nde7 14. Bd2 Rb8
15. Ne4 b6 16. b4 cxb4 17. axb4 Nxb4 18. Bxb4 axb4 19. Rxb4 Nd5 20. Nxd5 Bxd5
21. Nc3 Bxg2 22. Kxg2 Qd6 23. Qb3 Rfc8 24. Rb1 Bf8 25. Rb5 Qc6+ 26. Ne4 Qc2 27.
Rxe5 Qxb3 28. Rxb3 Bg7 29. Reb5 Rc6 30. e3 h6 31. d4 Re8 32. Nc3 1-0

[Event "Pyramiden Cup 2016"]
[Site "chess24.com"]
[Date "2016.09.02"]
[Round "2.14"]
[White "Woerl, Richard"]
[Black "Giessmann, Stephan"]
[Result "1/2-1/2"]
[WhiteElo "2050"]
[BlackElo "2258"]
[PlyCount "53"]
[EventDate "2016.??.??"]
[WhiteTeam "Deutschland"]
[BlackTeam "Deutschland"]
[WhiteTeamCountry "GER"]
[BlackTeamCountry "GER"]
[WhiteClock "0:23:10"]
[BlackClock "0:17:41"]

1. e4 e6 2. d4 d5 3. Nd2 Nf6 4. e5 Nfd7 5. Bd3 c5 6. c3 Nc6 7. Ne2 cxd4 8. cxd4
Qb6 9. Nf3 f6 10. exf6 Nxf6 11. O-O Bd6 12. Bf4 Bxf4 13. Nxf4 Qxb2 14. Re1 O-O
15. Re2 Qa3 16. Nxe6 Bxe6 17. Rxe6 Rae8 18. Qe2 Rxe6 19. Qxe6+ Kh8 20. Qe2 Qc3
21. Rb1 Nxd4 22. Nxd4 Qxd4 23. Rxb7 Ng4 24. Bf5 Nh6 25. Bb1 Ng4 26. Bf5 Nh6 27.
Bb1 1/2-1/2

[Event "Pyramiden Cup 2016"]
[Site "chess24.com"]
[Date "2016.09.02"]
[Round "2.15"]
[White "Dorst, Johannes"]
[Black "Hornung, Hans"]
[Result "0-1"]
[WhiteElo "2215"]
[BlackElo "2050"]
[PlyCount "80"]
[EventDate "2016.??.??"]
[WhiteTeam "Deutschland"]
[BlackTeam "Deutschland"]
[WhiteTeamCountry "GER"]
[BlackTeamCountry "GER"]
[WhiteClock "0:34:36"]
[BlackClock "0:07:38"]

1. e4 c5 2. Nf3 a6 3. c4 e6 4. Nc3 Qc7 5. d4 cxd4 6. Nxd4 Nf6 7. Bd3 Nc6 8.
Nxc6 dxc6 9. O-O e5 10. f3 Bc5+ 11. Kh1 Bd4 12. Ne2 Bc5 13. Rb1 a5 14. a3 a4
15. Nc3 Qa5 16. f4 Bg4 17. Qe1 Bd4 18. Bd2 Qd8 19. Bc2 Be6 20. Qe2 Ng4 21. g3
exf4 22. Rxf4 Ne5 23. Nxa4 Bxc4 24. Qg2 Bd3 25. Bxd3 Nxd3 26. Nc3 Nxf4 27. gxf4
O-O 28. Ne2 f5 29. Bb4 c5 30. Rd1 cxb4 31. Rxd4 Qh4 32. Rxb4 Qe1+ 33. Ng1 Ra6
34. exf5 Rxf5 35. Rxb7 Rg6 36. Rb8+ Rf8 37. Qd5+ Qe6 38. Qxe6+ Rxe6 39. Rb4 Rc8
40. Kg2 Rg6+ 0-1

[Event "Pyramiden Cup 2016"]
[Site "?"]
[Date "2016.09.02"]
[Round "3.1"]
[White "Fedorovsky, Michael"]
[Black "Walter, Florian"]
[Result "1-0"]
[WhiteElo "2497"]
[BlackElo "2142"]
[PlyCount "43"]
[EventDate "2016.??.??"]
[WhiteClock "0:30:59"]
[BlackClock "0:20:55"]

1. d4 d5 2. c4 c6 3. Nf3 Nf6 4. e3 e6 5. Nbd2 Nbd7 6. Bd3 dxc4 7. Nxc4 b5 8.
Nce5 Bb7 9. O-O Bd6 10. Nxd7 Nxd7 11. e4 O-O 12. e5 Be7 13. Qc2 h6 14. Bh7+ Kh8
15. Be4 Rc8 16. Be3 Re8 17. Qd2 Kg8 18. Rac1 Qc7 19. Bxh6 gxh6 20. Qxh6 Nf8 21.
Rc3 c5 22. Nd2 1-0

[Event "Pyramiden Cup 2016"]
[Site "?"]
[Date "2016.09.02"]
[Round "3.2"]
[White "Cofman, Veaceslav"]
[Black "Krivoborodov, Egor"]
[Result "0-1"]
[WhiteElo "2145"]
[BlackElo "2519"]
[PlyCount "142"]
[EventDate "2016.??.??"]
[WhiteClock "0:15:52"]
[BlackClock "0:06:03"]

1. d4 Nf6 2. Nf3 c5 3. c3 e6 4. Bf4 b6 5. e3 Bb7 6. h3 Be7 7. Nbd2 O-O 8. Be2
Nd5 9. Bh2 f5 10. O-O Nc6 11. Ne5 d6 12. Nxc6 Bxc6 13. Bf3 Qd7 14. dxc5 bxc5
15. e4 fxe4 16. Bxe4 Nc7 17. Qc2 Bxe4 18. Nxe4 Qc6 19. Rae1 c4 20. Nd2 Rf6 21.
Qe4 d5 22. Qe2 Bd6 23. Bxd6 Qxd6 24. Nf3 Na6 25. Ne5 Nc5 26. Qe3 Raf8 27. Re2
Rf4 28. Rfe1 Re4 29. Qg3 Rf5 30. Nf3 Qxg3 31. fxg3 h5 32. Nd4 Rf6 33. Rxe4 Nxe4
34. g4 hxg4 35. hxg4 a6 36. Nc6 Kh7 37. Ne5 Rf4 38. Re3 Nc5 39. g5 Re4 40. g6+
Kh6 41. Rxe4 Nxe4 42. Kf1 Nc5 43. Ke2 Na4 44. Ke3 Nxb2 45. Kd4 Nd3 46. Nc6 Kxg6
47. a4 a5 48. Nxa5 Nb2 49. Ke5 Nxa4 50. Kxe6 Nxc3 51. Ke5 Kg5 52. Nc6 Na2 53.
Nd4 Nb4 54. Ne2 Kg4 55. Kd6 Na2 56. Nd4 Nc3 57. Ke5 g5 58. Nc2 Kg3 59. Kd4 Nd1
60. Kxd5 Kf2 61. Nd4 c3 62. Ke4 g4 63. Kd3 Kxg2 64. Kc2 Kf2 65. Ne6 g3 66. Nf4
Kf3 67. Nh3 Nf2 68. Ng1+ Kg2 69. Ne2 Ne4 70. Nf4+ Kf3 71. Nh3 g2 0-1

[Event "Pyramiden Cup 2016"]
[Site "?"]
[Date "2016.09.02"]
[Round "3.3"]
[White "Ikonnikov, Vyacheslav"]
[Black "Kreyssig, Bruno"]
[Result "1-0"]
[WhiteElo "2538"]
[BlackElo "2226"]
[PlyCount "53"]
[EventDate "2016.??.??"]
[WhiteClock "0:26:16"]
[BlackClock "0:29:58"]

1. d4 Nf6 2. Nf3 c5 3. d5 e6 4. c4 b5 5. Bg5 exd5 6. cxd5 d6 7. a4 b4 8. e4 Be7
9. Bb5+ Bd7 10. Qd3 O-O 11. Nbd2 Bg4 12. O-O a6 13. Bc4 Nfd7 14. Bf4 Nb6 15. a5
Bxf3 16. Qxf3 Nxc4 17. Nxc4 Nd7 18. Nxd6 Ne5 19. Bxe5 Bxd6 20. Bg3 Bxg3 21.
hxg3 Re8 22. Qd3 Qd6 23. Rac1 Qc7 24. d6 Qxa5 25. Qd5 Qb6 26. Rxc5 Rad8 27. e5
1-0

[Event "Pyramiden Cup 2016"]
[Site "?"]
[Date "2016.09.02"]
[Round "3.4"]
[White "Goldsworthy, Patrick"]
[Black "Hacker, Jonas"]
[Result "1-0"]
[WhiteElo "2139"]
[BlackElo "2336"]
[PlyCount "79"]
[EventDate "2016.??.??"]
[WhiteClock "0:11:52"]
[BlackClock "0:10:43"]

1. e4 e5 2. Nf3 Nc6 3. Bc4 Nf6 4. Qe2 Be7 5. c3 O-O 6. O-O d6 7. h3 Na5 8. Bb5
a6 9. Ba4 b5 10. Bc2 Bb7 11. d4 Nd7 12. Rd1 exd4 13. cxd4 Re8 14. Nbd2 Bf6 15.
Nf1 Qe7 16. Ng3 g6 17. Bh6 c5 18. dxc5 dxc5 19. Qd2 Nb6 20. Qxa5 Nc4 21. Qe1
Nxb2 22. Rdc1 c4 23. Rab1 Bh8 24. Bd2 Rad8 25. Bg5 Bf6 26. Bxf6 Qxf6 27. Qb4
Nd3 28. Bxd3 Rxd3 29. Re1 h5 30. h4 Rxf3 31. gxf3 Qxh4 32. Qc5 Qh3 33. Qg5 Kh7
34. Qf6 Kg8 35. Rbd1 b4 36. Rd8 Rxd8 37. Qxd8+ Kg7 38. Qd4+ Kg8 39. Rd1 h4 40.
Qf6 1-0

[Event "Pyramiden Cup 2016"]
[Site "?"]
[Date "2016.09.02"]
[Round "3.5"]
[White "Miller, Eduard"]
[Black "Wagner, Florian"]
[Result "1-0"]
[WhiteElo "2289"]
[BlackElo "2126"]
[PlyCount "85"]
[EventDate "2016.??.??"]
[WhiteClock "0:01:02"]
[BlackClock "0:00:49"]

1. e4 e5 2. Nf3 Nc6 3. Nc3 Nf6 4. d4 exd4 5. Nxd4 Bb4 6. Nxc6 bxc6 7. Bd3 d5 8.
exd5 cxd5 9. O-O O-O 10. h3 h6 11. a3 Bd6 12. Nb5 Bc5 13. b4 Bb6 14. Bb2 c5 15.
Qf3 Be6 16. Rad1 Nd7 17. Rfe1 Qh4 18. c4 dxc4 19. Re4 Qg5 20. h4 Qe7 21. Bxc4
Nf6 22. Bxf6 Qxf6 23. Qxf6 gxf6 24. Bxe6 fxe6 25. Rxe6 cxb4 26. axb4 Rae8 27.
Rdd6 Rxe6 28. Rxe6 Kf7 29. Rd6 Rc8 30. Kh2 Rc2 31. f3 Rb2 32. Kh3 Rxb4 33. Nxa7
Bf2 34. g3 Rb3 35. Kg2 Rb2 36. Kh3 Rb3 37. Nc8 Rxf3 38. Kg2 Rxg3+ 39. Kxf2 Rg4
40. Rd7+ Ke8 41. Ra7 Rxh4 42. Nd6+ Kf8 43. Ra8+ 1-0

[Event "Pyramiden Cup 2016"]
[Site "?"]
[Date "2016.09.02"]
[Round "3.6"]
[White "Steinbacher, Matthias"]
[Black "Braun, Michael"]
[Result "1/2-1/2"]
[WhiteElo "2182"]
[BlackElo "2051"]
[PlyCount "142"]
[EventDate "2016.??.??"]
[WhiteClock "0:01:35"]
[BlackClock "0:06:37"]

1. c4 Nf6 2. Nf3 c6 3. Qa4 e6 4. d4 d5 5. g3 Nbd7 6. cxd5 exd5 7. Bf4 Nb6 8.
Qa5 Bf5 9. Nbd2 Ne4 10. Bg2 Nxd2 11. Nxd2 Bd6 12. Bxd6 Qxd6 13. O-O O-O 14.
Rac1 Rfe8 15. Rfe1 Nd7 16. e4 Bxe4 17. Bxe4 dxe4 18. Nxe4 Qxd4 19. Rcd1 Qe5 20.
Qd2 Qd5 21. Qf4 Qe6 22. Re3 Ne5 23. Nd6 Rad8 24. Rxe5 Qxe5 25. Qxf7+ Kh8 26.
Kg2 h6 27. Qg6 Rxd6 28. Rxd6 Rf8 29. Rd2 Qe7 30. h4 Rd8 31. Rxd8+ Qxd8 32. Qf7
a5 33. Qxb7 Qd5+ 34. Kg1 Qd1+ 35. Kh2 Qc2 36. Qb6 c5 37. Kg1 Qb1+ 38. Kg2 Qe4+
39. Kh2 Qc2 40. Qb8+ Kh7 41. Qf4 Qxb2 42. g4 Qf6 43. Kg3 Qc3+ 44. Kg2 Qd3 45.
Qf3 Qd4 46. Qf5+ Kg8 47. g5 Qxh4 48. Qe6+ Kf8 49. Qd6+ Ke8 50. Qe5+ Kd8 51.
Qd5+ Ke7 52. Qxc5+ Ke6 53. Qc8+ Ke7 54. Qc7+ Ke6 55. Qc6+ Ke7 56. Qc7+ Ke6 57.
Qxa5 Qg4+ 58. Kf1 Qc4+ 59. Ke1 Qc1+ 60. Ke2 Qc4+ 61. Ke3 hxg5 62. Qb6+ Kf5 63.
Qb1+ Ke5 64. Qb8+ Kf5 65. Qf8+ Kg6 66. Qe8+ Kh6 67. a4 Qf4+ 68. Ke2 Qc4+ 69.
Kd2 Qd4+ 70. Ke1 Qc3+ 71. Kd1 Qd3+ 1/2-1/2

[Event "Pyramiden Cup 2016"]
[Site "?"]
[Date "2016.09.02"]
[Round "3.7"]
[White "Muetsch, Annmarie"]
[Black "Loew, Gerald"]
[Result "1/2-1/2"]
[WhiteElo "2008"]
[BlackElo "2241"]
[PlyCount "100"]
[EventDate "2016.??.??"]
[WhiteClock "0:07:50"]
[BlackClock "0:10:01"]

1. e4 c5 2. Nf3 g6 3. d4 cxd4 4. Nxd4 Bg7 5. c4 Nc6 6. Nc2 d6 7. Be2 Nh6 8. O-O
f5 9. Bd3 O-O 10. Nc3 f4 11. Be2 g5 12. g3 Bh3 13. Re1 Be5 14. Qd3 Qd7 15. b4
a5 16. Rb1 axb4 17. Nxb4 Nd4 18. Ncd5 Nxe2+ 19. Qxe2 Rae8 20. Nd3 Nf7 21. gxf4
gxf4 22. Bxf4 Bxf4 23. N3xf4 Ng5 24. Qh5 Qg4+ 25. Qxg4 Bxg4 26. Re3 e6 27. Rg3
exd5 28. Rxg4 Kh8 29. Rxg5 Rxf4 30. exd5 Rxc4 31. Rxb7 Rg8 32. Rxg8+ Kxg8 33.
Rd7 Rg4+ 34. Kf1 Ra4 35. Rxd6 Rxa2 36. Rd7 Rd2 37. Ke1 Rd4 38. Ke2 Rh4 39. d6
Kf8 40. Kf3 Rxh2 41. Ra7 Ke8 42. Kg3 Rh6 43. f4 Rxd6 44. Rxh7 Kf8 45. Kg4 Kg8
46. Ra7 Rb6 47. Kg5 Kf8 48. f5 Kg8 49. f6 Rb1 50. Kg6 Rg1+ 1/2-1/2

[Event "Pyramiden Cup 2016"]
[Site "?"]
[Date "2016.09.02"]
[Round "3.8"]
[White "Hornung, Hans"]
[Black "Colpe, Malte"]
[Result "0-1"]
[WhiteElo "2050"]
[BlackElo "2394"]
[PlyCount "54"]
[EventDate "2016.??.??"]
[WhiteClock "0:23:13"]
[BlackClock "0:25:09"]

1. c4 Nf6 2. Nc3 g6 3. e4 d6 4. d4 Bg7 5. Be2 O-O 6. Nf3 e5 7. O-O Nc6 8. d5
Ne7 9. a4 a5 10. b3 Nh5 11. Re1 f5 12. Ng5 Nf4 13. Bxf4 exf4 14. Rc1 fxe4 15.
Bg4 Nf5 16. Ncxe4 Be5 17. Bxf5 Bxf5 18. Nf3 Re8 19. Nd4 f3 20. Nxf5 gxf5 21.
Ng3 f4 22. Nh5 Qg5 23. Qxf3 Rf8 24. h3 Rf5 25. Qg4 Qg6 26. Qxg6+ hxg6 27. g4
Rf7 0-1

[Event "Pyramiden Cup 2016"]
[Site "?"]
[Date "2016.09.02"]
[Round "3.9"]
[White "Saathoff, Richard"]
[Black "Pap, Misa"]
[Result "0-1"]
[WhiteElo "2119"]
[BlackElo "2493"]
[PlyCount "128"]
[EventDate "2016.??.??"]
[WhiteClock "0:01:43"]
[BlackClock "0:02:16"]

1. e4 c5 2. Nf3 Nc6 3. d4 cxd4 4. Nxd4 Qb6 5. Nb3 Nf6 6. Nc3 e6 7. a3 Be7 8.
Be3 Qc7 9. f4 d6 10. Qf3 a6 11. Bd3 b5 12. O-O Bb7 13. Rae1 b4 14. Ne2 e5 15.
Ng3 bxa3 16. bxa3 g6 17. f5 h6 18. fxg6 fxg6 19. Ne2 Nd8 20. Qg3 g5 21. Rxf6
Bxf6 22. Rf1 O-O 23. h4 Ne6 24. Qg4 Bc8 25. Ng3 Nf4 26. Nf5 Bxf5 27. exf5 Nxd3
28. cxd3 Rac8 29. Nd2 Qg7 30. Qh5 Kh7 31. Ne4 gxh4 32. Nxd6 Rc2 33. Qf3 Rd8 34.
Ne4 Rxd3 35. Nxf6+ Qxf6 36. Qb7+ Qg7 37. Qe4 Qxg2+ 38. Qxg2 Rxg2+ 39. Kxg2 Rxe3
40. f6 Kg8 41. Rf5 Kf7 42. Rh5 Rxa3 43. Rxe5 Kxf6 44. Rh5 h3+ 45. Kh2 Kg6 46.
Rc5 Rf3 47. Rc6+ Rf6 48. Rc5 Kf7 49. Re5 Re6 50. Rd5 Ke7 51. Kxh3 Rd6 52. Rc5
Kd7 53. Kg3 Rf6 54. Kg4 Kd6 55. Rc1 Kd5 56. Rc8 Rc6 57. Ra8 Kc4 58. Kf4 Kb5 59.
Ke3 a5 60. Kd3 a4 61. Ra7 Ra6 62. Rf7 a3 63. Rf1 a2 64. Ra1 Kb4 0-1

[Event "Pyramiden Cup 2016"]
[Site "?"]
[Date "2016.09.02"]
[Round "3.10"]
[White "Belezky, Alexander"]
[Black "Meulner, Klaus"]
[Result "0-1"]
[WhiteElo "2414"]
[BlackElo "2124"]
[PlyCount "64"]
[EventDate "2016.??.??"]
[WhiteClock "0:47:08"]
[BlackClock "0:04:14"]

1. Nf3 d5 2. c4 c6 3. g3 Bg4 4. Bg2 Bxf3 5. Bxf3 e6 6. O-O Nd7 7. cxd5 exd5 8.
d3 Bd6 9. e4 d4 10. Nd2 Ne5 11. Be2 Ne7 12. Qa4 Bc7 13. f4 Nd7 14. Nf3 b5 15.
Qc2 O-O 16. Nxd4 Bb6 17. Be3 Nf6 18. Qc3 Ned5 19. exd5 Nxd5 20. Qxc6 Nxe3 21.
Nxb5 Rc8 22. Qf3 Nxf1+ 23. Kxf1 Rc2 24. Rb1 Re8 25. Nc3 Qd4 26. Qg2 Qe3 27. Re1
Ba5 28. Nd5 Qd2 29. Ne7+ Kf8 30. Rd1 Qxd1+ 31. Bxd1 Rxg2 32. Kxg2 Rxe7 0-1

[Event "Pyramiden Cup 2016"]
[Site "?"]
[Date "2016.09.02"]
[Round "3.11"]
[White "Milov, Leonid"]
[Black "Bildt, Maximilian"]
[Result "1-0"]
[WhiteElo "2416"]
[BlackElo "2020"]
[PlyCount "69"]
[EventDate "2016.??.??"]
[WhiteClock "0:09:41"]
[BlackClock "0:07:25"]

1. e4 c5 2. Nf3 d6 3. d4 cxd4 4. Nxd4 Nf6 5. Nc3 a6 6. Be3 e5 7. Nb3 Be6 8. h3
h5 9. Be2 Nbd7 10. Qd2 b5 11. Bf3 Qc7 12. O-O Be7 13. Nd5 Nxd5 14. exd5 Bf5 15.
Rfc1 Bf6 16. c4 bxc4 17. Na5 Nb6 18. Bxb6 Qxb6 19. Nxc4 Qb8 20. Qe3 Qd8 21. Qa3
Be7 22. Na5 Bd7 23. Rc3 g6 24. Nc6 Bxc6 25. dxc6 Qc7 26. Rb3 d5 27. Qa4 O-O 28.
Bxd5 Qd6 29. Rd1 Qc5 30. Rc3 Qb6 31. c7 Rac8 32. Rc6 Qxb2 33. Rxg6+ Kh7 34. Rc6
Qe2 35. Bf3 1-0

[Event "Pyramiden Cup 2016"]
[Site "?"]
[Date "2016.09.02"]
[Round "3.12"]
[White "Schrems, Hermann"]
[Black "Gibicar, Danijel"]
[Result "0-1"]
[WhiteElo "2099"]
[BlackElo "2278"]
[PlyCount "70"]
[EventDate "2016.??.??"]
[WhiteClock "0:47:00"]
[BlackClock "0:03:21"]

1. d4 Nf6 2. c4 c5 3. d5 b5 4. cxb5 a6 5. bxa6 g6 6. g3 d6 7. Nc3 Nxa6 8. Bg2
Bg7 9. Nf3 O-O 10. O-O Bb7 11. Ne1 Qa5 12. Bd2 Nc7 13. Nc2 Nd7 14. Rb1 c4 15.
Na3 Qa6 16. Nc2 Nc5 17. b4 Na4 18. b5 Qb6 19. Nxa4 Rxa4 20. Nb4 Rfa8 21. Be3
Qa5 22. Nc6 Bxc6 23. bxc6 Nb5 24. Qc2 Na3 25. Qe4 Nxb1 26. Rxb1 Be5 27. Bb6 Qa6
28. c7 c3 29. Qc2 Rxa2 30. Qb3 c2 31. Rc1 Rb2 32. Qe3 Qxb6 33. Qxb6 Rxb6 34.
Rxc2 Rb1+ 35. Bf1 Rc8 0-1

[Event "Pyramiden Cup 2016"]
[Site "?"]
[Date "2016.09.02"]
[Round "3.13"]
[White "Eck, Mathias"]
[Black "Reis, Gerhard"]
[Result "1/2-1/2"]
[WhiteElo "2080"]
[BlackElo "2193"]
[PlyCount "84"]
[EventDate "2016.??.??"]
[WhiteClock "0:16:25"]
[BlackClock "0:06:35"]

1. c4 Nf6 2. Nf3 c6 3. b3 d5 4. e3 Bf5 5. Nc3 e6 6. Bb2 h6 7. Be2 Nbd7 8. O-O
Bd6 9. cxd5 exd5 10. d3 O-O 11. Re1 Bh7 12. Bf1 Re8 13. a3 Ne5 14. Nxe5 Bxe5
15. Na4 Bxb2 16. Nxb2 Bf5 17. Qf3 Be6 18. b4 a5 19. Na4 axb4 20. axb4 Qd6 21.
Nc5 Rxa1 22. Rxa1 b6 23. Nxe6 fxe6 24. Rb1 Ra8 25. Qd1 e5 26. d4 Ne4 27. Rb2
exd4 28. exd4 Qf6 29. Rc2 Rd8 30. f3 Ng5 31. b5 cxb5 32. Bxb5 Ne6 33. Rd2 Qf4
34. g3 Qe3+ 35. Kg2 Rd6 36. Rd3 Qg5 37. Kf2 Qh5 38. Kg2 Ng5 39. h4 Ne6 40. Re3
Qg6 41. Kf2 Qf6 42. Re5 Nc7 1/2-1/2

[Event "Pyramiden Cup 2016"]
[Site "?"]
[Date "2016.09.02"]
[Round "3.14"]
[White "Giessmann, Stephan"]
[Black "Redzepovic, Irfan"]
[Result "1-0"]
[WhiteElo "2252"]
[BlackElo "2124"]
[PlyCount "73"]
[EventDate "2016.??.??"]
[WhiteClock "0:02:21"]
[BlackClock "0:06:15"]

1. d4 Nf6 2. Nf3 d5 3. c4 c6 4. Nc3 e6 5. e3 Nbd7 6. Bd3 dxc4 7. Bxc4 b5 8. Bd3
Bb7 9. O-O a6 10. e4 c5 11. e5 cxd4 12. Nxb5 axb5 13. exf6 Qb6 14. fxg7 Bxg7
15. Qe2 Bc6 16. Bf4 Nc5 17. Rfc1 Nxd3 18. Qxd3 Rd8 19. Ng5 Bf6 20. Nxh7 Be7 21.
Ng5 Bxg5 22. Bxg5 Rd5 23. Bf4 Rc5 24. Re1 Qd8 25. f3 Qf6 26. Bg3 Rhh5 27. Rad1
Rhd5 28. Re4 Rd7 29. Rg4 Qh8 30. Rh4 Qg8 31. Re1 Rdd5 32. Rxd4 Qg7 33. Rxd5
Rxd5 34. Qc2 Bd7 35. Bf2 Rg5 36. Be3 Rf5 37. Qxf5 1-0

[Event "Pyramiden Cup 2016"]
[Site "?"]
[Date "2016.09.02"]
[Round "3.15"]
[White "Schulz, Lukas"]
[Black "Rohde, Patrick"]
[Result "1-0"]
[WhiteElo "2147"]
[BlackElo "1964"]
[PlyCount "50"]
[EventDate "2016.??.??"]
[WhiteClock "0:20:12"]
[BlackClock "0:28:55"]

1. e4 c5 2. Be2 d6 3. f4 Nc6 4. Bf3 g6 5. c3 Bg7 6. Ne2 e6 7. O-O Nge7 8. Na3
O-O 9. Nc2 d5 10. e5 b6 11. d4 Ba6 12. Re1 Nf5 13. g4 Ng3 14. Nxg3 cxd4 15.
Nxd4 Nxd4 16. cxd4 f6 17. Bd2 fxe5 18. dxe5 Rf7 19. f5 gxf5 20. gxf5 exf5 21.
e6 Bd4+ 22. Kh1 Rf6 23. Bg5 Bxb2 24. Rb1 Bd4 25. Rc1 Bf1 1-0

[Event "Pyramiden Cup 2016"]
[Site "Fuerth"]
[Date "2016.09.02"]
[Round "3.16"]
[White "Bunk, Karsten"]
[Black "Woerl, Richard"]
[Result "1-0"]
[WhiteElo "2093"]
[BlackElo "2050"]
[PlyCount "63"]
[EventDate "2016.??.??"]
[WhiteTeam "SW Nürnberg Süd"]
[BlackTeam "SW Nürnberg Süd"]

1. c4 e5 2. g3 Nf6 3. Bg2 d5 4. cxd5 Nxd5 5. Nc3 Nxc3 6. bxc3 c6 7. d3 Be7 8.
Nf3 Qc7 9. O-O O-O 10. c4 Be6 11. Qc2 Nd7 12. Bb2 f5 13. a4 Bf6 14. Bc3 g5 15.
Rab1 g4 16. Nd2 Bg5 17. e3 Rad8 18. Rfe1 Bf6 19. d4 b6 20. a5 Qd6 21. axb6 axb6
22. Qa4 b5 23. cxb5 cxb5 24. Rxb5 Rf7 25. Ba5 exd4 26. exd4 Rc8 27. d5 Nc5 28.
Rxc5 Qxc5 29. dxe6 Ra7 30. Nb3 Qe7 31. Qb5 Qe8 32. Qxf5 1-0

[Event "Pyramiden Cup 2016"]
[Site "Fuerth"]
[Date "2016.09.02"]
[Round "3.17"]
[White "Luessmann, Thomas"]
[Black "Wenninger, Philipp"]
[Result "0-1"]
[WhiteElo "1955"]
[BlackElo "2372"]
[PlyCount "94"]
[EventDate "2016.??.??"]
[WhiteTeam "SK Gräfelfing"]
[BlackTeam "SC Erlangen"]

1. d4 c5 2. c3 d5 3. Nf3 Nf6 4. e3 e6 5. Nbd2 Nc6 6. Bd3 Be7 7. O-O O-O 8. dxc5
Bxc5 9. b4 Bb6 10. Bb2 Re8 11. b5 Na5 12. c4 a6 13. Qc2 dxc4 14. Nxc4 axb5 15.
Bxf6 gxf6 16. Bxh7+ Kg7 17. Rfd1 Qc7 18. Nd6 Rd8 19. Nxb5 Qxc2 20. Bxc2 Bd7 21.
Nfd4 Nc6 22. Be4 f5 23. Bc2 Nb4 24. Bb3 e5 25. Nc2 Nxc2 26. Bxc2 Bxb5 27. Rdb1
Ra5 28. a4 Rda8 29. Bxf5 Bd8 30. Rb4 Bc6 31. Rg4+ Kf6 32. e4 Rxa4 33. Rxa4 Rxa4
34. h4 Be7 35. h5 Bf8 36. Rg8 Bh6 37. Rh8 Kg5 38. Rg8+ Kf6 39. Rh8 Bg7 40. Rh7
Ra8 41. h6 Bh8 42. g4 Rf8 43. Kf1 Bb5+ 44. Ke1 Bc4 45. Kd2 Kg5 46. Ke3 Rd8 47.
Kf3 b5 0-1

[Event "Pyramiden Cup 2016"]
[Site "Fuerth"]
[Date "2016.09.02"]
[Round "3.18"]
[White "Schunk, Eduard"]
[Black "Mikeler, Marcel"]
[Result "1-0"]
[WhiteElo "2316"]
[BlackElo "1833"]
[PlyCount "107"]
[EventDate "2016.??.??"]
[WhiteTeam "vereinslos"]
[BlackTeam "Heilbronner SV"]

1. e4 e5 2. Nf3 Nc6 3. Bb5 a6 4. Ba4 Nf6 5. O-O Be7 6. Bxc6 dxc6 7. d3 Bg4 8.
h3 Bxf3 9. Qxf3 Nd7 10. Qg3 g5 11. Nd2 Bf6 12. Nc4 Qe7 13. Ne3 h6 14. Nf5 Qf8
15. Bd2 c5 16. a3 Be7 17. c3 f6 18. b4 Qf7 19. d4 c4 20. dxe5 fxe5 21. Rfd1 Bf6
22. Be3 Nf8 23. Rd5 Ne6 24. Rad1 Nf4 25. Bxf4 gxf4 26. Qf3 Rd8 27. a4 Qg6 28.
Rxd8+ Bxd8 29. Qe2 Rg8 30. f3 Qe6 31. Rd5 Be7 32. Qxc4 Bd6 33. Kf1 Rg6 34. Qd3
Kd7 35. c4 Kc8 36. c5 Be7 37. Qc3 Bf6 38. b5 c6 39. bxc6 bxc6 40. Rd6 Qa2 41.
Rxc6+ Kb7 42. Rb6+ Ka7 43. Qb2 Qxb2 44. Rxb2 Bd8 45. Rd2 Bc7 46. Rd7 Rc6 47.
Rd5 Re6 48. g4 fxg3 49. Kg2 Rg6 50. Ne7 Re6 51. Rd7 Kb8 52. Kxg3 Ba5 53. c6 h5
54. Rb7+ 1-0